• 首页
  • 本馆介绍
  • 公告通知
  • 最新文献
  • 馆藏检索
  • 电子资源
  • 读者导购
  • 参考咨询
  • 我的图书馆
  • 登录
  • 详细信息显示
  • 放入我的书架
  • 预约/预借图书
  • 作者相关作品
  • 分类相关作品
  • 丛书相关作品
  • 出版社相关作品

书目信息

  • 表格格式
  • 工作单格式
  • 卡片格式
题名:
Windows Server 2012 R2系统配置指南
    
 
作者: 戴有炜 编著
分册:  
出版信息: 北京   清华大学出版社  2017.01
页数: 14, 535页
开本: 26cm
丛书名:
单 册:
中图分类: TP316.86
科图分类:
主题词: Windows操作系统--Windowscao zuo xi tong--网络服务器--基本知识
电子资源:
ISBN: 978-7-302-45624-7
000 01021nam0 2200241 450
001 0109110203
005 20201109110338.0
010    @a978-7-302-45624-7@dCNY99.00
100    @a20181129e20202017em y0chiy50 ea
101 0  @achi
102    @aCN@b110000
105    @aa z 000yy
106    @ar
200 1  @aWindows Server 2012 R2系统配置指南@AWindows Server 2012 R2 xi tong pei zhi zhi nan@f戴有炜编著
210    @a北京@c清华大学出版社@d2017.01@h2020.02
215    @a14, 535页@c图@d26cm
305    @a由碁峰资讯股份有限公司授权出版
330    @a本书共分18章,内容包括WindowsServer2012R2概述、安装与基本环境设置,本地用户与组账户的管理,建立ActiveDirectory域,NTFS与ReFS磁盘的安全性与管理,访问网络文件,打印服务器的设置与管理,利用配置文件来管理用户工作环境,组策略与安全设置,注册表与注册表编辑器等。
606 0  @aWindows操作系统@AWindowscao zuo xi tong@x网络服务器@x基本知识
690    @aTP316.86@v5
701  0 @a戴有炜@Adai you wei@4编著
801  0 @aCN@bBJSZM@c20201103
905    @b1240333-5@dTP316.86@e1009@f3
    
    Windows Server 2012 R2系统配置指南/戴有炜编著.-北京:清华大学出版社,2017.01(2020.02)
    14, 535页:图;26cm
    
    
    ISBN 978-7-302-45624-7:CNY99.00
    本书共分18章,内容包括WindowsServer2012R2概述、安装与基本环境设置,本地用户与组账户的管理,建立ActiveDirectory域,NTFS与ReFS磁盘的安全性与管理,访问网络文件,打印服务器的设置与管理,利用配置文件来管理用户工作环境,组策略与安全设置,注册表与注册表编辑器等。
●
相关链接 在E读中查询图书 在五车中查询图书 在当当中查询图书 在豆瓣中查询图书


正题名:Windows Server 2012 R2系统配置指南     索取号:TP316.86/1009         预约/预借

序号 登录号 条形码 馆藏地/架位号 状态 备注
1 1240333   212403335   第二样本阅览室/ [索取号:TP316.86/1009] 在馆    
2 1240334   212403344   第三借阅区/ [索取号:TP316.86/1009] 在馆    
3 1240335   212403353   第三借阅区/ [索取号:TP316.86/1009] 在馆    
唐山师范学院图书馆 欢迎您!
大连网信软件有限公司© 版权所有